All WWE Championship Matches at WrestleMania - Statistics

General Stats
  • This quiz has been taken 1,857 times
    1,762 since last reset
  • The average score is 67 of 77
Answer Stats
Hint Answer % Correct
2 Hulk Hogan
97%
3 Hulk Hogan
97%
5 Hulk Hogan
97%
6 Hulk Hogan
97%
7 Hulk Hogan
97%
9 Hulk Hogan
97%
21 John Cena
97%
22 John Cena
97%
23 John Cena
97%
24 John Cena
97%
26 John Cena
97%
27 John Cena
97%
29 John Cena
97%
16 Triple H
97%
18 Triple H
97%
22 Triple H
97%
24 Triple H
97%
25 Triple H
97%
32 Triple H
97%
19 Brock Lesnar
95%
31 Brock Lesnar
95%
24 Randy Orton
95%
25 Randy Orton
95%
30 Randy Orton
95%
33 Randy Orton
95%
11 Shawn Michaels
95%
12 Shawn Michaels
95%
14 Shawn Michaels
95%
23 Shawn Michaels
95%
15 The Rock
95%
16 The Rock
95%
17 The Rock
95%
29 The Rock
95%
31 Roman Reigns
94%
32 Roman Reigns
94%
13 Undertaker
93%
31 Seth Rollins
92%
26 Batista
91%
30 Batista
91%
14 Steve Austin
91%
15 Steve Austin
91%
17 Steve Austin
91%
30 Daniel Bryan
88%
35 Daniel Bryan
88%
9 Bret Hart
86%
10 Bret Hart
86%
12 Bret Hart
86%
16 Big Show
85%
19 Kurt Angle
84%
20 Kurt Angle
84%
18 Chris Jericho
83%
28 Chris Jericho
83%
4 Randy Savage
83%
5 Randy Savage
83%
8 Randy Savage
83%
3 Andre The Giant
82%
27 The Miz
81%
6 Ultimate Warrior
81%
9 Yokozuna
80%
9 Yokozuna
80%
10 Yokozuna
80%
10 Yokozuna
80%
28 CM Punk
79%
35 Kofi Kingston
78%
33 Bray Wyatt
77%
34 AJ Styles
76%
21 JBL
74%
8 Ric Flair
74%
20 Eddie Guerrero
71%
16 Mick Foley
70%
34 Shinsuke Nakamura
69%
11 Diesel
68%
13 Sid Vicious
67%
7 Sgt Slaughter
60%
2 King Kong Bundy
58%
10 Lex Luger
57%
4 Ted Dibiase
56%
No matching quizzes found
Score Distribution
Percent of People with Each Score
Percentile by Number Answered
Your Score History
You have not taken this quiz since the last reset